Volleyball for coaches and teachers /

Bibliographic Details
Main Author: Schaafsma, Frances
Other Authors: Heck, Ann, Sarver, Connie Throneberry
Format: Book
Language:English
Published: Dubuque, Iowa : W.C. Brown, [1985]
Edition:2nd ed.
Subjects:

MARC

Tag First Indicator Second Indicator Subfields
LEADER 00000cam a2200000 a 4500
001 in00000035183
005 20151007055322.0
008 850830s1985 iaua b 00110 eng
010 |a  84071940  
020 |a 0697071936 (pbk.) 
035 |a (OCoLC)12203395 
035 |9 AAB7888AM 
040 |a DLC  |c DLC  |d m/c  |d TXA  |d UtOrBLW 
049 |a TXAM  |c [A11535227] 
050 0 0 |a GV1015.5.C63  |b S34 1985 
082 0 |a 796.32/5  |2 19 
100 1 |a Schaafsma, Frances. 
245 1 0 |a Volleyball for coaches and teachers /  |c Frances Schaafsma, Ann Heck, Connie Throneberry Sarver. 
250 |a 2nd ed. 
264 1 |a Dubuque, Iowa :  |b W.C. Brown,  |c [1985] 
264 4 |c ©1985 
300 |a xiv, 168 pages :  |b illustrations ;  |c 23 cm. 
336 |a text  |b txt  |2 rdacontent 
337 |a unmediated  |b n  |2 rdamedia 
338 |a volume  |b nc  |2 rdacarrier 
504 |a Bibliography: page 163. 
500 |a Includes index. 
650 0 |a Volleyball  |x Coaching. 
700 1 |a Heck, Ann. 
700 1 |a Sarver, Connie Throneberry. 
999 |a MARS 
999 f f |s 2043647e-5fa1-3883-bd44-d38a2f5131d4  |i 32190589-af96-3cca-bf0c-91ac07435abd  |t 0 
952 f f |p ric  |a Texas A&M University  |b Rellis Campus  |c Joint Library Facility  |d Remote Storage  |t 0  |e GV1015.5.C63 S34 1985  |h Library of Congress classification  |i unmediated -- volume  |m A14811535227 
998 f f |a GV1015.5.C63 S34 1985  |t 0  |l Remote Storage